A szelíd Nietzsche.
Elmentve itt :
| Szerző: | |
|---|---|
| Adatforrás: | Philobibl |
| Forrásdokumentuma: | Szabadgondolat 1914. évf., 59-62.p. p. |
| Dokumentumtípus: | Cikk |
| Nyelv: | magyar |
| LEADER | 00266nab a2200097 c 4500 | ||
|---|---|---|---|
| 001 | bibDOK00023583 | ||
| 005 | 20200924121744.7 | ||
| 008 | 060518s1914 hu hun | ||
| 100 | 1 | |a Sas Andor | |
| 245 | 1 | 2 | |a A szelíd Nietzsche. |c Sas Andor |
| 773 | 0 | |t Szabadgondolat |g 1914. évf., 59-62.p. p. | |